What's on a Nickel? Quiz Stats

 Plays Quiz not verified by Sporcle

Challenge
Share
Tweet
Embed
Score 0/7 Timer 02:00
0 Plays Today
Hint Answer % Correct
What's on the back?Monticello
95.1%
Who's on the front?Thomas Jefferson
92.7%
What is #1 facing?IN GOD WE TRUST
63.4%
What's above the Monticello?E PLURIBUS UNUM
46.3%
What word's are below the Monticello?FIVE CENTS
34.1%
What's behind him?LIBERTY
17.1%
How many indents are on the Nickel edge?0
12.2%

You're not logged in!

Compare scores with friends on all Sporcle quizzes.
OR
Log In

You Might Also Like...

Show Comments

Extras

Created Feb 3, 2010SourceReportNominate
Tags:nickel

Top Quizzes Today


Score Distribution

Your Account Isn't Verified!

In order to create a playlist on Sporcle, you need to verify the email address you used during registration. Go to your Sporcle Settings to finish the process.

Report this User

Report this user for behavior that violates our Community Guidelines.

Details: